|
|
|
|
| LEADER |
01352nam a22003614a 4500 |
| 001 |
EBC3051601 |
| 003 |
MiAaPQ |
| 005 |
20200520144314.0 |
| 006 |
m o d | |
| 007 |
cr cn||||||||| |
| 008 |
990520s2000 caua sb 000 0 eng |
| 010 |
|
|
|z 99032547
|
| 020 |
|
|
|z 1885073542
|
| 035 |
|
|
|a (MiAaPQ)EBC3051601
|
| 035 |
|
|
|a (Au-PeEL)EBL3051601
|
| 035 |
|
|
|a (CaPaEBR)ebr10026327
|
| 035 |
|
|
|a (OCoLC)70739463
|
| 040 |
|
|
|a MiAaPQ
|c MiAaPQ
|d MiAaPQ
|
| 050 |
|
4 |
|a HD58.7
|b .M567 2000
|
| 082 |
0 |
4 |
|a 302.3/5
|2 21
|
| 100 |
1 |
|
|a Mitchell, Charles,
|d 1953-
|
| 245 |
1 |
2 |
|a A short course in international business culture
|h [electronic resource] /
|c Charles Mitchell.
|
| 246 |
3 |
0 |
|a International business culture
|
| 260 |
|
|
|a Novato, CA :
|b World Trade Press,
|c c2000.
|
| 300 |
|
|
|a vi, 186 p. :
|b ill.
|
| 490 |
1 |
|
|a The short course in international trade series
|
| 504 |
|
|
|a Includes bibliographical references (p. 182-185).
|
| 533 |
|
|
|a Electronic reproduction. Ann Arbor, MI : ProQuest, 2015. Available via World Wide Web. Access may be limited to ProQuest affiliated libraries.
|
| 650 |
|
0 |
|a Corporate culture.
|
| 655 |
|
4 |
|a Electronic books.
|
| 710 |
2 |
|
|a ProQuest (Firm)
|
| 830 |
|
0 |
|a Short course in international trade series.
|
| 856 |
4 |
0 |
|u https://ebookcentral.proquest.com/lib/matrademy/detail.action?docID=3051601
|z Click to View
|